Strangers in African societies (Record no. 513427)

MARC details
000 -LEADER
fixed length control field 00937nam a2200277Ia 4500
003 - CONTROL NUMBER IDENTIFIER
control field OSt
005 - DATE AND TIME OF LATEST TRANSACTION
control field 20220925190136.0
008 - FIXED-LENGTH DATA ELEMENTS--GENERAL INFORMATION
fixed length control field 220923b |||||||| |||| 00| 0 eng d
020 ## - INTERNATIONAL STANDARD BOOK NUMBER
International Standard Book Number 0520034589
037 ## - SOURCE OF ACQUISITION
Terms of availability General Book
040 ## - CATALOGING SOURCE
Original cataloging agency RTL
Transcribing agency RTL
Language of cataloging eng
041 ## - LANGUAGE CODE
Source of code eng
Language code of text/sound track or separate title eng
100 ## - MAIN ENTRY--PERSONAL NAME
Personal name Shack Willam A
9 (RLIN) 237361
245 #0 - TITLE STATEMENT
Title Strangers in African societies
260 ## - PUBLICATION, DISTRIBUTION, ETC.
Place of publication, distribution, etc. Barkeley
Name of publisher, distributor, etc. University of California Press
Date of publication, distribution, etc. 1979
300 ## - PHYSICAL DESCRIPTION
Extent x , 325p
Dimensions cm.
490 ## - SERIES STATEMENT
Series statement Africa Studies :Sponsored by Join committee the Social Science Research Council and the American Council of learned Societies
500 ## - GENERAL NOTE
General note Bibiliography P 289-302; Index:P303-25
650 ## - SUBJECT ADDED ENTRY--TOPICAL TERM
Topical term or geographic name entry element Military Class
9 (RLIN) 237362
700 ## - ADDED ENTRY--PERSONAL NAME
Personal name Skinner Elliett P Ed.
9 (RLIN) 237363
942 ## - ADDED ENTRY ELEMENTS (KOHA)
Classification part Y55:6:N7, L9
Koha item type General Books
Source of classification or shelving scheme Colon Classification (CC)

No items available.

Copyright @ Delhi University Library System